Shonen Jump Anime Main Protagonist's - Statistics

General Stats
  • This quiz has been taken 383 times
  • The average score is 13 of 17
Answer Stats
Anime Protagonist % Correct
One Piece Monkey D. Luffy
99%
Naruto Uzumaki Naruto
99%
Dragon Ball Z Son Goku
97%
My Hero Academia Midoriya "Deku" Izuku
96%
Death Note Yagami Light
96%
Hunter X Hunter Freecss Gon
94%
Bleach Kurosaki Ichigo
88%
Demon Slayer Kamado Tanjiro
86%
JoJo's Bizarre Adventure Kujo Jotaro
86%
Black Clover Asta
81%
Yu-Gi-Oh! Yami Yugi
73%
Haikyu!! Hinata Shouyou
72%
The Promised Neverland Emma
54%
Gintama Sakata Gintoki
49%
Food Wars! Yukihira Soma
42%
Bobobo-bo Bo-bobo Bobobo-bo Bo-bobo
39%
Yu Yu Hakusho Urameshi Yusuke
37%
No matching quizzes found
Score Distribution
Percent of People with Each Score
Percentile by Number Answered
Your Score History
You have not taken this quiz